[Event "Tournoi Skype 019B"]
[Site "Skype"]
[Date "????.??.??"]
[Round "1.1"]
[White "Perez Fermin, Jose"]
[Black "Lecluyse, Koenraad"]
[Result "1-0"]
[WhiteElo "1542"]
[BlackElo "1300"]
[PlyCount "50"]

1. e4 e5 2. Nf3 Nc6 3. Bc4 Bc5 4. O-O Nf6 5. Nc3 d6 6. h3 h6 7. d3 Nd4 8. Be3
b6 9. a3 Nxf3+ 10. Qxf3 Bxe3 11. fxe3 Qe7 12. Nd5 Nxd5 13. Bxd5 f6 14. Qh5+ Kd7
15. Bxa8 Ba6 16. Bd5 Kd8 17. Bc6 Qe6 18. Qg6 Qe7 19. Rf3 Rf8 20. Rg3 Qf7 21.
Qxg7 Qxg7 22. Rxg7 Bc8 23. Rf1 Be6 24. Rf3 a5 25. Rh7 a4 1-0

[Event "Tournoi Skype 019B"]
[Site "Skype"]
[Date "????.??.??"]
[Round "1.2"]
[White "Battaglia, Gabriele"]
[Black "Briere, Jean"]
[Result "1-0"]
[WhiteElo "1288"]
[BlackElo "1529"]
[PlyCount "163"]

1. e4 e5 2. Nf3 Nc6 3. Bc4 Bc5 4. O-O Nf6 5. d3 h6 6. Nbd2 O-O 7. Bb5 d6 8.
Bxc6 bxc6 9. Nc4 Re8 10. Na5 Qd7 11. Nh4 Ng4 12. Nf5 Bxf2+ 13. Rxf2 Nxf2 14.
Kxf2 Re6 15. Qg4 Rg6 16. Qh5 Kh7 17. Be3 Rb8 18. b3 Rb5 19. Nc4 a6 20. a4 Rb8
21. Rf1 Qe6 22. Kg1 Rf6 23. Nd2 Qe8 24. Bg5 Rg6 25. Nf3 Be6 26. Ne7 f6 27.
Qxg6+ Qxg6 28. Nxg6 Kxg6 29. Bd2 c5 30. Ba5 Rc8 31. Nh4+ Kf7 32. h3 g5 33. Nf5
h5 34. Nh6+ Kg6 35. Nf5 Kf7 36. Ng3 Kg6 37. Nf5 Kf7 38. g3 Bd7 39. h4 Bxf5 40.
exf5 gxh4 41. gxh4 Rg8+ 42. Kh2 c6 43. Rg1 d5 44. Rxg8 Kxg8 45. Kg3 Kf7 46. Kf3
Ke7 47. Ke3 Kd7 48. Bb6 d4+ 49. Ke4 Ke7 50. Bxc5+ Kd7 51. Bb6 Ke7 52. Ba5 Kd7
53. c3 c5 54. cxd4 cxd4 55. Kd5 e4 56. dxe4 d3 57. e5 fxe5 58. Kxe5 Ke7 59. f6+
Kf7 60. Bc3 a5 61. Ke4 d2 62. Bxd2 Kxf6 63. b4 axb4 64. Bxb4 Ke6 65. a5 Kd7 66.
Bc5 Kc6 67. Bb6 Kb7 68. Kf4 Ka6 69. Kg5 Kb7 70. Kxh5 Ka6 71. Kg6 Kb5 72. h5 Ka6
73. h6 Kb7 74. h7 Ka6 75. h8=Q Kb7 76. Qg7+ Ka6 77. Qa7+ Kb5 78. Qd7+ Ka6 79.
Qd3+ Kb7 80. Qb5 Kb8 81. a6 Kc8 82. Qe8# 1-0

[Event "Tournoi Skype 019B"]
[Site "Skype"]
[Date "????.??.??"]
[Round "1.3"]
[White "Malbec, Robert"]
[Black "Maccaferri, Massimo"]
[Result "1-0"]
[WhiteElo "1504"]
[BlackElo "1252"]
[PlyCount "29"]

1. e4 e5 2. Nf3 Nc6 3. Bc4 Nd4 4. Nxe5 Qg5 5. Bxf7+ Ke7 6. Ng4 Kxf7 7. O-O d5
8. d3 Bxg4 9. Bxg5 dxe4 10. Qxg4 Nxc2 11. dxe4 Bd6 12. Qf5+ Nf6 13. e5 Be7 14.
exf6 gxf6 15. Qxc2 1-0

[Event "Tournoi Skype 019B"]
[Site "Skype"]
[Date "????.??.??"]
[Round "1.4"]
[White "Bouffard, Georges"]
[Black "De Nobrega, George"]
[Result "1-0"]
[WhiteElo "1234"]
[BlackElo "1494"]
[PlyCount "175"]

1. d4 Nf6 2. Nd2 d5 3. Ngf3 Nc6 4. c3 Bf5 5. e3 Bg4 6. Be2 e6 7. Ne5 Bxe2 8.
Qxe2 Nxe5 9. dxe5 Ne4 10. Nxe4 dxe4 11. Qd2 Qg5 12. g3 Qxe5 13. Qe2 Be7 14. f4
Qd6 15. Bd2 O-O 16. O-O e5 17. f5 Rad8 18. Rfd1 g6 19. f6 Qxf6 20. Rf1 Qd6 21.
Rad1 Qb6 22. Bc1 f5 23. Qf2 f4 24. gxf4 exf4 25. Rxd8 Bxd8 26. exf4 Qxf2+ 27.
Rxf2 Be7 28. Be3 a6 29. b4 b5 30. Bc5 Bxc5 31. bxc5 Re8 32. a3 c6 33. Kg2 Kg7
34. Rd2 Kf7 35. Rd7+ Re7 36. Rd6 e3 37. Kf1 Re6 38. Ke2 Ke7 39. Rd3 Kf6 40.
Rxe3 Rxe3+ 41. Kxe3 Kf5 42. h3 g5 43. fxg5 Kxg5 44. Ke4 Kf6 45. Kd4 Ke6 46. c4
bxc4 47. Kxc4 Kd7 48. Kb4 Kc7 49. a4 Kb7 50. a5 h5 51. Kc4 Kc7 52. Kd4 Kd7 53.
Ke5 Ke7 54. Kf5 Kf7 55. Kg5 h4 56. Kxh4 Kg6 57. Kg4 Kh6 58. h4 Kg6 59. h5+ Kh6
60. Kh4 Kg7 61. Kg5 Kh7 62. h6 Kg8 63. Kg6 Kh8 64. Kf6 Kh7 65. Ke6 Kxh6 66. Kd6
Kg7 67. Kxc6 Kf7 68. Kb6 Ke7 69. c6 Kd6 70. Kxa6 Kc7 71. Kb5 Kb8 72. Kb6 Kc8
73. a6 Kb8 74. a7+ Ka8 75. Kc7 Kxa7 76. Kd7 Kb8 77. c7+ Kb7 78. c8=Q+ Kb6 79.
Qc6+ Ka5 80. Kd6 Kb4 81. Qc5+ Kb3 82. Kd5 Kb2 83. Kd4 Kb1 84. Kd3 Kb2 85. Qb4+
Kc1 86. Qd2+ Kb1 87. Kc3 Ka1 88. Qb2# 1-0

[Event "Tournoi Skype 019B"]
[Site "Skype"]
[Date "????.??.??"]
[Round "1.5"]
[White "Coruble, Didier"]
[Black "Bhandari, Dattatrey"]
[Result "0-1"]
[WhiteElo "1479"]
[BlackElo "1232"]
[PlyCount "102"]

1. b4 e5 2. b5 b6 3. e4 Bc5 4. Qf3 Nf6 5. Bc4 O-O 6. d3 c6 7. a4 d5 8. exd5 Bg4
9. Qg3 cxd5 10. Bb3 Re8 11. Bb2 Qc7 12. Nf3 Bxf3 13. gxf3 d4 14. Bc1 Bb4+ 15.
Kf1 Nh5 16. Qg4 g6 17. Rg1 Nf4 18. Qf5 Re7 19. h4 Kf8 20. Qf6 Ke8 21. Qh8+ Kd7
22. Bxf4 exf4 23. Qxd4+ Qd6 24. Qxd6+ Kxd6 25. c3 Ba5 26. Nd2 Nd7 27. Nc4+ Kc7
28. Nxa5 bxa5 29. Bd5 Rd8 30. Bc6 Ne5 31. Be4 f5 32. Bc6 Rxd3 33. Re1 Kd6 34.
c4 Kc5 35. Rg5 Kxc4 36. Rc1+ Rc3 37. Rxc3+ Kxc3 38. h5 Kb4 39. hxg6 hxg6 40.
Rg1 Kxa4 41. Kg2 Kb4 42. Re1 a4 43. b6 axb6 44. Rb1+ Ka3 45. Rxb6 Re6 46. Kh3
Rxc6 47. Rxc6 Nxc6 48. Kh4 Kb3 49. Kg5 a3 50. Kxg6 Nd4 51. Kg5 a2 0-1

[Event "Tournoi Skype 019B"]
[Site "Skype"]
[Date "????.??.??"]
[Round "1.7"]
[White "Mordaa, Ahmad"]
[Black "Douichi, Mohammed"]
[Result "1-0"]
[WhiteElo "1471"]
[BlackElo "1209"]
[PlyCount "31"]

1. e4 e5 2. Nf3 Nc6 3. Bc4 h6 4. c3 Bc5 5. d4 exd4 6. cxd4 Bd6 7. O-O Nf6 8. e5
Nxe5 9. dxe5 Ng4 10. exd6 cxd6 11. Qxd6 Qa5 12. Re1+ Kd8 13. Qe7+ Kc7 14. Bf4+
Kc6 15. Nd4+ Kb6 16. Qd6# 1-0

[Event "Tournoi Skype 019B"]
[Site "Skype"]
[Date "????.??.??"]
[Round "1.8"]
[White "Levantini, Claudio"]
[Black "Salazar Ticeran, Antonio"]
[Result "0-1"]
[WhiteElo "1200"]
[BlackElo "1469"]
[PlyCount "94"]

1. e4 c5 2. c4 Nc6 3. Nf3 g6 4. Nc3 Bg7 5. d3 Nf6 6. Be3 d6 7. Be2 O-O 8. O-O
Bg4 9. Qd2 Bxf3 10. Bxf3 Ne5 11. Be2 a6 12. Bh6 Ne8 13. Bxg7 Nxg7 14. f4 Nc6
15. a3 Rb8 16. Rae1 b5 17. Bg4 bxc4 18. dxc4 Rb3 19. Ne2 Qb6 20. Rb1 Rb8 21.
Nc1 Rxb2 22. Rxb2 Qxb2 23. Rf2 Qxd2 24. Rxd2 Rb1 25. Rd1 Nd4 26. Na2 Rxd1+ 27.
Bxd1 Nge6 28. g3 f5 29. exf5 Nxf5 30. Nc3 Ne3 31. Be2 Nd4 32. Kf2 Nec2 33. a4
Na3 34. Nd1 Nxe2 35. Kxe2 Nxc4 36. Kd3 Nb6 37. Nb2 d5 38. Ke3 Kf7 39. h4 Nc4+
40. Nxc4 dxc4 41. Kd2 Ke6 42. Kc3 Kd5 43. a5 h5 44. Kd2 Kd4 45. Kc2 c3 46. Kd1
Kd3 47. Kc1 c2 0-1

[Event "Tournoi Skype 019B"]
[Site "Skype"]
[Date "????.??.??"]
[Round "1.9"]
[White "Martin, Jean-Claude"]
[Black "Homme, Jim"]
[Result "1/2-1/2"]
[WhiteElo "1464"]
[BlackElo "1193"]
[PlyCount "117"]

1. d4 Nf6 2. c4 e6 3. Nc3 Be7 4. e4 c5 5. d5 exd5 6. cxd5 d6 7. Bb5+ Nbd7 8.
Nf3 a6 9. Bxd7+ Bxd7 10. O-O O-O 11. e5 dxe5 12. Nxe5 Bg4 13. Nxg4 Qd7 14.
Nxf6+ Bxf6 15. Ne4 Bd4 16. Nc3 Rfe8 17. Re1 Rxe1+ 18. Qxe1 b5 19. Be3 Re8 20.
Qd2 b4 21. Bxd4 cxd4 22. Qxd4 bxc3 23. bxc3 Qe7 24. Qd2 Qd6 25. c4 Rd8 26. Rc1
Rc8 27. g3 Kf8 28. Qf4 Qxf4 29. gxf4 Ke7 30. c5 a5 31. Kg2 f5 32. Kf3 Kf7 33.
Ke3 Re8+ 34. Kd3 Re4 35. Rc4 Rxc4 36. Kxc4 Ke8 37. c6 Kd8 38. d6 a4 39. Kb4 a3
40. Kb5 h6 41. Kb6 Kc8 42. d7+ Kd8 43. Kb7 g5 44. c7+ Kxd7 45. c8=Q+ Ke7 46.
Qxf5 gxf4 47. Qxf4 h5 48. Qg5+ Ke6 49. Qxh5 Kd6 50. Qa5 Ke6 51. Qxa3 Ke5 52.
Qd3 Ke6 53. Kc6 Ke5 54. Qe3+ Kf5 55. Kd5 Kf6 56. Qe5+ Kf7 57. Qe6+ Kg7 58. Ke5
Kf8 59. Kf6 1/2-1/2

[Event "Tournoi Skype 019B"]
[Site "Skype"]
[Date "????.??.??"]
[Round "1.10"]
[White "Lequeux, Pierre"]
[Black "Gerbaux, Regis"]
[Result "0-1"]
[WhiteElo "1181"]
[BlackElo "1435"]
[PlyCount "48"]

1. e4 c5 2. Nf3 d6 3. Bb5+ Bd7 4. Bxd7+ Nxd7 5. O-O Ngf6 6. d3 Qc7 7. Nc3 a6 8.
Bg5 e6 9. Bxf6 Nxf6 10. Re1 e5 11. Nd5 Nxd5 12. exd5 g6 13. c3 Bg7 14. d4 cxd4
15. cxd4 O-O 16. Rc1 Qd7 17. dxe5 Rfe8 18. exd6 Rxe1+ 19. Qxe1 Qxd6 20. Qd2 h6
21. b4 Bf6 22. Rc5 Re8 23. Qc2 Bd4 24. Nxd4 Re1# 0-1

[Event "Tournoi Skype 019B"]
[Site "Skype"]
[Date "????.??.??"]
[Round "1.11"]
[White "De Coninck, Philippe"]
[Black "Guillaume, Mickael"]
[Result "1-0"]
[WhiteElo "1426"]
[BlackElo "1180"]
[PlyCount "99"]

1. e4 e6 2. d4 d5 3. e5 c5 4. c3 cxd4 5. cxd4 Bb4+ 6. Bd2 Bxd2+ 7. Qxd2 a6 8.
Nc3 Bd7 9. Nf3 h6 10. Bd3 b5 11. O-O b4 12. Ne2 Nc6 13. Nf4 Nge7 14. Nh5 Nf5
15. Bxf5 exf5 16. Nxg7+ Kf8 17. Nh5 Qe7 18. Rac1 Rb8 19. Rc5 Qe6 20. Nf6 b3 21.
a4 a5 22. Rxd5 Bc8 23. Rd6 Qc4 24. Rc1 Qxa4 25. Rcxc6 Bb7 26. Rb6 Qa1+ 27. Qe1
Qxb2 28. Nd7+ Ke7 29. Nxb8 Rxb8 30. Qxa5 Qc1+ 31. Ne1 b2 32. Rxb2 Qxb2 33. Qc7+
Kf8 34. Qxb8+ Kg7 35. Kf1 Qb5+ 36. Kg1 Qb1 37. h3 Qxe1+ 38. Kh2 Qxf2 39. Qxb7
Qf4+ 40. Kg1 Qe3+ 41. Kf1 Qd3+ 42. Kf2 Qd2+ 43. Kg3 Qe3+ 44. Qf3 Qg5+ 45. Kh2
h5 46. Rd7 Kf8 47. d5 f4 48. d6 Ke8 49. Ra7 Qxe5 50. Qa8# 1-0

[Event "Tournoi Skype 019B"]
[Site "Skype"]
[Date "????.??.??"]
[Round "1.12"]
[White "Baker, Abi"]
[Black "Perrone, Gabriel Lorenzo"]
[Result "0-1"]
[WhiteElo "1165"]
[BlackElo "1421"]
[PlyCount "52"]

1. c4 c5 2. Nc3 Nc6 3. g3 g6 4. Bg2 Bg7 5. e4 e5 6. Nge2 Nf6 7. O-O O-O 8. d3
a6 9. f4 d6 10. f5 Rb8 11. Nd5 b5 12. Bd2 bxc4 13. fxg6 hxg6 14. Nxf6+ Bxf6 15.
Qc1 cxd3 16. Bh6 Bg7 17. Bxg7 Kxg7 18. Qd2 dxe2 19. Qxe2 Nd4 20. Qc4 Rxb2 21.
h4 Ne2+ 22. Kh2 Bb7 23. g4 Qxh4+ 24. Bh3 Ng3+ 25. Kg1 Qxh3 26. Rf2 Qh1# 0-1

[Event "Tournoi Skype 019B"]
[Site "Skype"]
[Date "????.??.??"]
[Round "1.13"]
[White "Munoz Gonzalez, Martin"]
[Black "Delmonte, Davide"]
[Result "1-0"]
[WhiteElo "1420"]
[BlackElo "1159"]
[PlyCount "57"]

1. b4 e5 2. Bb2 d5 3. Bxe5 Nf6 4. a3 Bc5 5. bxc5 O-O 6. Nf3 Nc6 7. Bb2 Nh5 8.
e3 Bf5 9. Nd4 Nxd4 10. Bxd4 Qg5 11. Nc3 Rfe8 12. g3 Bg4 13. Be2 Bxe2 14. Qxe2
Rad8 15. Nb5 Rd7 16. O-O a6 17. Nc3 Qf5 18. Qd3 Qf3 19. Qe2 Qf5 20. d3 Rde7 21.
Rab1 Re6 22. Rxb7 Nxg3 23. fxg3 Qg5 24. Qf3 f6 25. Rxc7 Re4 26. Nxe4 dxe4 27.
dxe4 Qg6 28. Qf5 Rxe4 29. Qxg6 1-0

[Event "Tournoi Skype 019B"]
[Site "Skype"]
[Date "????.??.??"]
[Round "1.14"]
[White "Vervoort, Jean-Louis"]
[Black "Kruk, Clementine"]
[Result "0-1"]
[WhiteElo "1155"]
[BlackElo "1419"]
[PlyCount "102"]

1. e4 e5 2. Nf3 Nc6 3. Bb5 Bc5 4. Bxc6 bxc6 5. Nxe5 Qe7 6. d4 d6 7. O-O dxe5 8.
dxc5 Qxc5 9. Be3 Qd6 10. Nc3 Nf6 11. Qf3 Bg4 12. Qg3 Rd8 13. f3 Bh5 14. Rad1
Qb4 15. Rxd8+ Kxd8 16. Nd1 Ke7 17. a3 Qa5 18. b4 Qxa3 19. Qxe5+ Kd8 20. Qd4+
Kc8 21. e5 Nd5 22. Qxa7 Qxa7 23. Bxa7 Nxb4 24. c3 Nd3 25. Ne3 Nxe5 26. Bd4 Re8
27. Ra1 f6 28. Ra8+ Kd7 29. Ra1 Ke6 30. g4 Nxf3+ 31. Kg2 Nxd4 32. cxd4 Kd6 33.
Nc4+ Kd5 34. gxh5 Kxc4 35. Rc1+ Kxd4 36. Rxc6 Re2+ 37. Kg3 Re3+ 38. Kg2 Rc3 39.
Re6 c5 40. Rd6+ Ke4 41. Rd1 Rc2+ 42. Kg1 c4 43. Re1+ Kd3 44. Kh1 Re2 45. Rd1+
Rd2 46. Rg1 c3 47. Rxg7 Rd1+ 48. Kg2 c2 49. Rd7+ Kc3 50. Rc7+ Kb2 51. Rb7+ Kc1
0-1

[Event "Tournoi Skype 019B"]
[Site "Skype"]
[Date "????.??.??"]
[Round "1.15"]
[White "Dubois, Real"]
[Black "Farthouat, Catherine"]
[Result "1-0"]
[WhiteElo "1418"]
[BlackElo "1122"]
[PlyCount "63"]

1. d4 Nf6 2. c4 e6 3. a3 Nc6 4. Nf3 d6 5. Nc3 a6 6. e4 g6 7. Bg5 Bg7 8. Be2 O-O
9. O-O Re8 10. e5 b6 11. exf6 Bxf6 12. Bxf6 Qxf6 13. Qd2 Qg7 14. Rad1 Na5 15.
Rfe1 Bb7 16. b4 Nb3 17. Qb2 Na5 18. bxa5 Rab8 19. axb6 cxb6 20. Qd2 Ba8 21. Na2
d5 22. cxd5 Bxd5 23. Nb4 Bb7 24. Ne5 Rbd8 25. Nec6 Rd7 26. Bf3 Qf8 27. Ne5 Rde7
28. Bxb7 Rxb7 29. Qe3 a5 30. Nc2 b5 31. Ng4 Qe7 32. Qe5 1-0

[Event "Tournoi Skype 019B"]
[Site "Skype"]
[Date "????.??.??"]
[Round "1.16"]
[White "Martin, Elise"]
[Black "Ramirez Reina, Orlando"]
[Result "0-1"]
[WhiteElo "1070"]
[BlackElo "1417"]
[PlyCount "40"]

1. e4 c5 2. Nf3 d6 3. Be2 e6 4. d3 Be7 5. Nc3 Nc6 6. Be3 Nf6 7. O-O O-O 8. Ng5
h6 9. Nh3 e5 10. Qd2 Kh7 11. Bxh6 Bxh3 12. gxh3 Rg8 13. Bf3 gxh6+ 14. Bg2 Rg6
15. h4 Qg8 16. Rfd1 Nd4 17. Kf1 Rxg2 18. Qe3 Rxh2 19. Rd2 Qg2+ 20. Ke1 Rh1# 0-1

[Event "Tournoi Skype 019B"]
[Site "Skype"]
[Date "????.??.??"]
[Round "1.17"]
[White "Khatanhar, Mohit"]
[Black "Bacha, Mehdi"]
[Result "1-0"]
[WhiteElo "1398"]
[BlackElo "1066"]
[PlyCount "73"]

1. Nf3 d5 2. d4 Nf6 3. e3 e6 4. c4 Nc6 5. c5 e5 6. h3 e4 7. Nh2 Be7 8. Be2 O-O
9. O-O b6 10. cxb6 cxb6 11. a3 a5 12. Nc3 Ba6 13. Bd2 Bxe2 14. Nxe2 Qc7 15. Qc2
Bd6 16. f4 g6 17. Qd1 Rac8 18. Qe1 Ne7 19. Qh4 Nh5 20. Rac1 Qd8 21. Qf2 Rxc1
22. Bxc1 Nf5 23. g4 Qh4 24. gxh5 Qg5+ 25. Qg2 Qxh5 26. Ng3 Qh6 27. Bd2 Rd8 28.
Rc1 Qf8 29. Rf1 Rc8 30. Rc1 Rd8 31. Nxf5 Bb8 32. Be1 Ba7 33. Bh4 Ra8 34. Ng4
gxf5 35. Nh6+ Kh8 36. Bf6+ Qg7 37. Bxg7# 1-0

[Event "Tournoi Skype 019B"]
[Site "Skype"]
[Date "????.??.??"]
[Round "1.18"]
[White "Diaz, Jose Garcia"]
[Black "Hernandez, George"]
[Result "1/2-1/2"]
[WhiteElo "1000"]
[BlackElo "1397"]
[PlyCount "64"]

1. e4 e5 2. Nf3 Nc6 3. Nc3 Nf6 4. d4 exd4 5. Nxd4 Bc5 6. Nxc6 bxc6 7. g3 O-O 8.
Bg2 Ba6 9. Bf3 d6 10. Be2 Bxe2 11. Qxe2 Re8 12. O-O Qd7 13. Be3 Nxe4 14. Nxe4
Rxe4 15. Qd3 Qf5 16. Bxc5 dxc5 17. f3 Re5 18. Qxf5 Rxf5 19. f4 h5 20. Rad1 a5
21. a4 Rd5 22. Rd3 Rxd3 23. cxd3 Rb8 24. Rc1 Rxb2 25. Rxc5 Ra2 26. Rc4 Ra3 27.
d4 Rd3 28. Kg2 Kh7 29. Kh3 Kh6 30. Rxc6+ f6 31. Rc5 Rxd4 32. Rxa5 c5 1/2-1/2

[Event "Tournoi Skype 019B"]
[Site "Skype"]
[Date "????.??.??"]
[Round "1.19"]
[White "Chavero, Victor"]
[Black "Erten, Ozlem"]
[Result "1/2-1/2"]
[WhiteElo "1394"]
[BlackElo "1000"]
[PlyCount "108"]

1. d4 d5 2. Nf3 Nc6 3. e3 b6 4. Nbd2 e6 5. Bd3 Nf6 6. O-O Bd6 7. Re1 O-O 8. c3
e5 9. Qc2 e4 10. Be2 exf3 11. Nxf3 Re8 12. Bd2 Bg4 13. Ng5 Bxe2 14. Rxe2 Qd7
15. Rae1 h6 16. Nf3 Qg4 17. h3 Qg6 18. Qxg6 fxg6 19. Nh4 g5 20. Ng6 Re4 21. f3
Re6 22. e4 Rae8 23. e5 Nxe5 24. Nxe5 Nh5 25. g4 Nf4 26. Bxf4 gxf4 27. h4 c5 28.
Kf2 cxd4 29. Nd3 Rxe2+ 30. Rxe2 Rxe2+ 31. Kxe2 dxc3 32. bxc3 h5 33. gxh5 Kh7
34. Nf2 Kh6 35. Kd3 Kxh5 36. Kd4 Kxh4 37. Kxd5 Bb8 38. Ke4 Kg3 39. Nd3 g5 40.
Ne1 g4 41. fxg4 Kxg4 42. Nf3 Kg3 43. c4 Kf2 44. Ng5 Ke2 45. a4 Kd2 46. Kd4 Kc2
47. c5 Kb3 48. cxb6 axb6 49. Nf3 Kxa4 50. Kc3 b5 51. Kc2 Ka3 52. Kb1 b4 53. Nd4
b3 54. Nf3 Kb4 1/2-1/2

[Event "Tournoi Skype 019B"]
[Site "Skype"]
[Date "????.??.??"]
[Round "1.21"]
[White "Vello, Pablo"]
[Black "Kazma, Erhan"]
[Result "1-0"]
[WhiteElo "1365"]
[BlackElo "1000"]
[PlyCount "89"]

1. d4 d5 2. c4 Nf6 3. Nc3 Nc6 4. Bf4 Bf5 5. a3 e6 6. e3 Be7 7. cxd5 Nxd5 8.
Nxd5 exd5 9. Bb5 O-O 10. Bxc6 bxc6 11. Rc1 Qd7 12. Qa4 Rab8 13. b4 Rb5 14. Nf3
Be4 15. Ne5 Qf5 16. Nxc6 Bg5 17. Qxb5 Bxg2 18. Rg1 Qg4 19. Qe2 Qxe2+ 20. Kxe2
Bxf4 21. Rxg2 Re8 22. Kf3 Bd6 23. Nxa7 Ra8 24. Nb5 h5 25. Rg5 h4 26. Rxd5 Bxh2
27. Rd7 g5 28. Kg4 f6 29. Kf5 Rf8 30. Kg6 g4 31. Rg7+ Kh8 32. Rh7+ Kg8 33. Rxh4
g3 34. Rh1 g2 35. R4xh2 gxh1=Q 36. Rxh1 Rf7 37. Rh2 f5 38. a4 c6 39. Nc3 f4 40.
Ne4 Rg7+ 41. Kf5 fxe3 42. Nf6+ Kf7 43. fxe3 Rg6 44. Rh7+ Kf8 45. Kxg6 1-0

[Event "Tournoi Skype 019B"]
[Site "Skype"]
[Date "????.??.??"]
[Round "1.22"]
[White "Kumar Keshri, Siddharth"]
[Black "Vincent, Andre"]
[Result "0-1"]
[WhiteElo "1000"]
[BlackElo "1362"]
[PlyCount "62"]

1. e4 c5 2. Nf3 d6 3. d4 cxd4 4. Nxd4 Nf6 5. Nc3 a6 6. a3 e6 7. Be2 Be7 8. O-O
O-O 9. Bd3 Qc7 10. Nf3 Nc6 11. Bg5 b5 12. Bxf6 Bxf6 13. Re1 e5 14. Nd5 Qd8 15.
Nxf6+ Qxf6 16. Rc1 Bg4 17. Be2 Bxf3 18. Bxf3 Nd4 19. Bg4 g6 20. c3 Nc6 21. Qf3
Qxf3 22. Bxf3 Kg7 23. h3 f5 24. exf5 Rac8 25. fxg6 hxg6 26. Re4 Ne7 27. g4 Rxf3
28. Kg2 Rcf8 29. Rc2 g5 30. Ree2 R8f6 31. b3 R3f4 0-1

[Event "Tournoi Skype 019B"]
[Site "Skype"]
[Date "????.??.??"]
[Round "1.23"]
[White "Porcabeuf, Jean-Marc"]
[Black "Marty, Yvette"]
[Result "1-0"]
[WhiteElo "1359"]
[BlackElo "1000"]
[PlyCount "61"]

1. d4 d5 2. c4 e6 3. a3 c5 4. Nf3 g6 5. e3 Nf6 6. Nc3 cxd4 7. Nxd4 Bd7 8. Bd3
Nc6 9. O-O Nxd4 10. exd4 Bg7 11. cxd5 O-O 12. dxe6 Bxe6 13. Be3 Ng4 14. Qd2 Qc7
15. Bf4 Qd8 16. h3 Nf6 17. Rfe1 Re8 18. Nb5 Rc8 19. Nd6 Rc7 20. Nxe8 Nxe8 21.
Bxc7 Qxc7 22. Rac1 Qd8 23. Bb5 Nd6 24. Ba4 Qh4 25. d5 Bxh3 26. g3 Qh5 27. Bd1
Qf5 28. Re3 Ne4 29. Rxe4 Qxe4 30. f3 Qxf3 31. Bxf3 1-0

[Event "Tournoi Skype 019B"]
[Site "Skype"]
[Date "????.??.??"]
[Round "1.24"]
[White "Mimouni, Driss"]
[Black "Marino, Giuseppe"]
[Result "0-1"]
[WhiteElo "1000"]
[BlackElo "1349"]
[PlyCount "92"]

1. e4 e5 2. Nc3 c6 3. Bc4 Be7 4. a3 Nf6 5. d3 O-O 6. Nf3 d6 7. O-O Bg4 8. h3
Bf5 9. exf5 Qd7 10. Nh4 Ne8 11. Qf3 Bxh4 12. g3 Be7 13. Qg4 Nf6 14. Qf3 b5 15.
Bb3 Na6 16. Ne4 Nxe4 17. dxe4 Nc5 18. f6 Bxf6 19. Qg4 Qxg4 20. hxg4 Nxe4 21. f3
Nc5 22. g5 Bd8 23. Bxf7+ Rxf7 24. Be3 Ne6 25. Rad1 d5 26. b4 Bxg5 27. f4 exf4
28. gxf4 Bh4 29. c4 bxc4 30. f5 Nf8 31. Bc5 Nd7 32. Bd4 Bf6 33. Rf4 Bxd4+ 34.
Rdxd4 Re8 35. f6 Nxf6 36. Rd2 Re3 37. Kf1 Rxa3 38. Rd1 Rb3 39. Rf2 Rxb4 40. Ra2
Ne4+ 41. Ke1 Nc3 42. Rxa7 Rxa7 43. Rc1 Re7+ 44. Kd2 d4 45. Ra1 Re2+ 46. Kc1
Re1+ 0-1

[Event "Tournoi Skype 019B"]
[Site "Skype"]
[Date "????.??.??"]
[Round "1.25"]
[White "Hernandez Lopez, Joaquin"]
[Black "Morientes, Felipe"]
[Result "0-1"]
[WhiteElo "1327"]
[BlackElo "1000"]
[PlyCount "72"]

1. e4 e6 2. Nc3 d5 3. Nf3 Nf6 4. d4 dxe4 5. Ne5 Bd6 6. Ng4 Nbd7 7. Bc4 O-O 8.
O-O b6 9. Bg5 Bb7 10. d5 exd5 11. Bxd5 Bxd5 12. Nxd5 Be7 13. Re1 Nxd5 14. Qxd5
Bxg5 15. Rxe4 Nc5 16. Qf5 Nxe4 17. Qxe4 Qe7 18. Qf3 f5 19. Qd5+ Qf7 20. Qd4
fxg4 21. g3 Rad8 22. Qxg4 Qxf2+ 23. Kh1 Qf3+ 24. Qxf3 Rxf3 25. Kg2 Re3 26. h4
Rd2+ 27. Kh3 Bf4 28. Kg4 Bxg3 29. h5 Bd6 30. Rf1 Rd5 31. c4 Re4+ 32. Kf3 Rf4+
33. Kg3 Rg5+ 34. Kh3 Rxf1 35. Kh4 h6 36. b4 Rh1# 0-1

[Event "Tournoi Skype 019B"]
[Site "Skype"]
[Date "????.??.??"]
[Round "1.26"]
[White "Scata, Laura"]
[Black "Riviere, Perrine"]
[Result "1-0"]
[WhiteElo "1000"]
[BlackElo "1323"]
[PlyCount "25"]

1. e4 e5 2. Nc3 Nf6 3. Bc4 Bb4 4. Nge2 Nc6 5. O-O O-O 6. b3 Nd4 7. Bb2 d6 8.
Nd5 Nxe4 9. Nxb4 Bg4 10. f3 Nf6 11. fxg4 Nxg4 12. Nxd4 exd4 13. Qxg4 1-0

[Event "Tournoi Skype 019B"]
[Site "Skype"]
[Date "????.??.??"]
[Round "1.27"]
[White "Codina, Teresa"]
[Black "Schnell, Nicolas"]
[Result "1-0"]
[WhiteElo "1321"]
[BlackElo "1000"]
[PlyCount "61"]

1. e4 g6 2. Nf3 Nc6 3. Bb5 Bg7 4. c3 a6 5. Ba4 Nf6 6. d3 e5 7. O-O O-O 8. h3 d6
9. Be3 Be6 10. Nbd2 h6 11. Bc2 b5 12. a3 Nd7 13. b4 Rb8 14. Rb1 Ba2 15. Rb2 Be6
16. Qc1 d5 17. Nb3 Nf6 18. Bxh6 Nh5 19. Bxg7 Nxg7 20. Nc5 Re8 21. Nxa6 Rb6 22.
Nc5 f5 23. Nxe6 Rxe6 24. exf5 Nxf5 25. Re1 e4 26. dxe4 d4 27. exf5 gxf5 28.
Bxf5 Rd6 29. Be6+ Kf8 30. Qf4+ Ke8 31. Qf7# 1-0

[Event "Tournoi Skype 019B"]
[Site "Skype"]
[Date "????.??.??"]
[Round "1.28"]
[White "Tekes, Gamze"]
[Black "Torres, Vicky"]
[Result "0-1"]
[WhiteElo "1000"]
[BlackElo "1321"]
[PlyCount "66"]

1. e4 e5 2. Nf3 d6 3. Bc4 Be6 4. Bb5+ c6 5. Ba4 Nf6 6. Nc3 Be7 7. O-O O-O 8.
Nh4 d5 9. d3 d4 10. Ne2 b5 11. Bb3 Bxb3 12. axb3 a6 13. Ng3 Nfd7 14. Nhf5 Bg5
15. f4 exf4 16. Nh5 g6 17. Nh6+ Kh8 18. Nxf4 Kg7 19. Ng4 h5 20. Nf2 Ne5 21. Bd2
Nbd7 22. c4 Qf6 23. N2h3 Qd8 24. cxb5 cxb5 25. Ra5 Ng4 26. b4 Nde5 27. Qb3 Ne3
28. Re1 Bxf4 29. Raa1 Bg5 30. Rac1 Bh4 31. Re2 Qf6 32. Nf2 Qg5 33. Rc7 Qxg2#
0-1

[Event "Tournoi Skype 019B"]
[Site "Skype"]
[Date "????.??.??"]
[Round "1.29"]
[White "Milanese, Serge"]
[Black "Tu, Harrison"]
[Result "1-0"]
[WhiteElo "1314"]
[BlackElo "1000"]
[PlyCount "31"]

1. e4 e5 2. Bc4 d5 3. d4 dxc4 4. Nf3 Nf6 5. Nc3 Bb4 6. O-O Bxc3 7. bxc3 Nxe4 8.
Qe2 Nxc3 9. Qxc4 Ne4 10. Re1 Nf6 11. Ng5 O-O 12. Bb2 Re8 13. Nxf7 Qe7 14. Nh6+
Kf8 15. Rxe5 Qd8 16. Qf7# 1-0

[Event "Tournoi Skype 019B"]
[Site "Skype"]
[Date "????.??.??"]
[Round "1.30"]
[White "Yilmazer, Seher"]
[Black "Ruiz Gomez, Luz Alba"]
[Result "1-0"]
[WhiteElo "1000"]
[BlackElo "1307"]
[PlyCount "149"]

1. e4 e5 2. d4 exd4 3. Nf3 Nc6 4. Bc4 Bc5 5. c3 dxc3 6. bxc3 Nge7 7. O-O O-O 8.
Ng5 Ne5 9. Be2 h6 10. Be3 Bb6 11. Bf4 N7g6 12. Bxe5 Qxg5 13. Bd4 Nh4 14. g3 d6
15. Kh1 Bh3 16. Bf3 Bxf1 17. gxh4 Qxh4 18. Qxf1 Rae8 19. Nd2 Bxd4 20. cxd4 Re6
21. Re1 Rg6 22. e5 Qxd4 23. Nc4 b5 24. Rd1 Qf4 25. Nd2 dxe5 26. Qxb5 Re6 27.
Qc4 c6 28. Qxf4 exf4 29. Nf1 c5 30. Rd7 Re1 31. Kg2 a5 32. Ra7 c4 33. Rxa5 Rc8
34. Bb7 Rb8 35. Bd5 c3 36. Rc5 Rc1 37. h3 c2 38. Nh2 g6 39. Bb3 Ra1 40. Rxc2
Re1 41. Nf3 Ree8 42. Nh4 Re5 43. Rc7 Rg5+ 44. Kf3 Rf8 45. Kxf4 Rh5 46. Nxg6 Kg7
47. Nxf8 Kxf8 48. Rxf7+ Ke8 49. Kg4 Rg5+ 50. Kh4 Rg6 51. f4 Rb6 52. f5 Rb4+ 53.
Kh5 Rb5 54. Kxh6 Rb4 55. Kg5 Rd4 56. h4 Rd2 57. h5 Rg2+ 58. Kf6 Rh2 59. Kg6
Rg2+ 60. Kh7 Rh2 61. h6 Rg2 62. Rg7 Rf2 63. Rg5 Rh2 64. Kg7 Rh3 65. h7 Rh4 66.
Bf7+ Kd8 67. Bh5 Ke7 68. h8=Q Rh2 69. f6+ Kd6 70. f7 Rxa2 71. f8=Q+ Ke6 72.
Qf7+ Kd6 73. Qhf8+ Kc6 74. Rc5+ Kb6 75. Qd6# 1-0